[Event "SVK-chT4 A21 2223"]
[Site "Slovakia"]
[Date "2023.02.26"]
[Round "9.4"]
[White "Pripko, Bystrik"]
[Black "Miciak, Emanuel"]
[Result "0-1"]
[WhiteElo "1532"]
[BlackElo "1733"]
[PlyCount "46"]
[EventDate "2022.10.09"]
[EventType "team-tourn"]
[EventRounds "11"]
[EventCountry "SVK"]
[SourceTitle "EXT 2024"]
[Source "ChessBase"]
[SourceDate "2023.10.10"]
[SourceVersion "1"]
[SourceVersionDate "2023.10.10"]
[SourceQuality "1"]
[WhiteTeam "Chtelnica Kamenar"]
[BlackTeam "Vrbove"]
[WhiteTeamCountry "SVK"]
[BlackTeamCountry "SVK"]

1. e4 e6 2. Nf3 d5 3. exd5 exd5 4. h3 Nf6 5. d4 Bf5 6. Bd3 Bxd3 7. Qxd3 c6 8. 0-0 Be7 9. c3 0-0 10. Nbd2 Nbd7 11. Re1 Bd6 12. Nh4 g6 13. Nhf3 Qc7 14. Nf1 Rfe8 15. Bh6 Bf4 16. Bxf4 Qxf4 17. Ng3 Ne4 18. Nf1 Re6 19. N3d2 Qxf2+ 20. Kh1 Qxe1 21. Nxe4 dxe4 22. Qe3 Qxa1 23. Qe2 Rf6 0-1

[Event "SVK-chT4 A21 1920"]
[Site "Slovakia"]
[Date "2020.02.23"]
[Round "9.4"]
[White "Pripko, Bystrik"]
[Black "Jancovicova, Petra"]
[Result "0-1"]
[WhiteElo "1633"]
[BlackElo "1671"]
[PlyCount "94"]
[EventDate "2019.10.13"]
[EventType "team-tourn"]
[EventRounds "11"]
[EventCountry "SVK"]
[SourceTitle "CBM 195 Extra"]
[Source "ChessBase"]
[SourceDate "2020.05.31"]
[SourceVersion "1"]
[SourceVersionDate "2020.05.31"]
[SourceQuality "1"]
[WhiteTeam "Chtelnica Kamenar"]
[BlackTeam "Vrbove"]
[WhiteTeamCountry "SVK"]
[BlackTeamCountry "SVK"]

1. e4 c5 2. Nf3 d6 3. d4 cxd4 4. Nxd4 Nf6 5. Bd3 a6 6. 0-0 e6 7. Nc3 Be7 8. Nf3 0-0 9. e5 dxe5 10. Nxe5 Qc7 11. Ng4 b5 12. Nxf6+ Bxf6 13. Ne4 Be5 14. Qh5 g6 15. Qh4 f5 16. Ng5 Bf6 17. c3 Bxg5 18. Qxg5 e5 19. Bc2 Be6 20. Re1 Nc6 21. f3 Rad8 22. Be3 Na5 23. h4 Qg7 24. Bb6 h6 25. Qc1 Nc4 26. Bxd8 Qa7+ 27. Kh1 f4 28. Bxg6 Rxd8 29. Rd1 Rf8 30. b3 Ne3 31. Rd6 Qe7 32. Qd2 Qxh4+ 33. Kg1 Qf6 34. Bh5 Kh8 35. Rxa6 Rg8 36. Bg4 Nxg4 37. fxg4 Qg6 38. Qe2 Qxg4 39. Qxe5+ Rg7 40. Ra8+ Kh7 41. Qe4+ Bf5 42. Qc6 f3 43. Kf2 Qxg2+ 44. Ke3 Re7+ 45. Kd4 Qd2+ 46. Kc5 Qxc3+ 47. Kxb5 Bd7 0-1

[Event "SVK-chT4 A21 1920"]
[Site "Slovakia"]
[Date "2020.02.09"]
[Round "8.4"]
[White "Harasta, Marian"]
[Black "Pripko, Bystrik"]
[Result "1-0"]
[WhiteElo "1645"]
[BlackElo "1633"]
[PlyCount "95"]
[EventDate "2019.10.13"]
[EventType "team-tourn"]
[EventRounds "11"]
[EventCountry "SVK"]
[SourceTitle "CBM 195 Extra"]
[Source "ChessBase"]
[SourceDate "2020.05.31"]
[SourceVersion "1"]
[SourceVersionDate "2020.05.31"]
[SourceQuality "1"]
[WhiteTeam "Skalica III"]
[BlackTeam "Chtelnica Kamenar"]
[WhiteTeamCountry "SVK"]
[BlackTeamCountry "SVK"]

1. d4 d5 2. c4 Nf6 3. e3 e6 4. Nf3 Nbd7 5. Nc3 c6 6. a3 Bd6 7. c5 Bb8 8. Bd3 0-0 9. Qc2 h6 10. b4 e5 11. Nxe5 Nxe5 12. dxe5 Bxe5 13. f4 Bc7 14. Ne2 Re8 15. 0-0 Ng4 16. Rf3 Qh4 17. h3 Nf6 18. Bb2 Ne4 19. Raf1 f5 20. Bxe4 Rxe4 21. Rg3 g5 22. Qc3 d4 23. Nxd4 Be5 24. Rff3 Bf6 25. fxg5 hxg5 26. Qb3+ Kg7 27. Nxf5+ Bxf5 28. Bxf6+ Kxf6 29. Rxf5+ Kxf5 30. Rf3+ Ke5 31. Qc3+ Rd4 32. Qxd4+ Qxd4 33. exd4+ Kxd4 34. Rf5 Rg8 35. Kf2 Kc4 36. Kg3 Kb3 37. Rf3+ Ka4 38. Kg4 a5 39. bxa5 Kxa5 40. Rb3 Ka6 41. g3 Rg7 42. h4 gxh4+ 43. Kxh4 Ka5 44. Rb4 Ka6 45. g4 Rd7 46. g5 Rd5 47. g6 Rxc5 48. g7 1-0

[Event "SVK-chT4 A21 1819"]
[Site "Slovakia"]
[Date "2018.12.16"]
[Round "5.3"]
[White "Pripko, Bystrik"]
[Black "Nedorost, Lubomir"]
[Result "1-0"]
[WhiteElo "1654"]
[BlackElo "1609"]
[PlyCount "119"]
[EventDate "2018.10.14"]
[EventType "team-tourn"]
[EventRounds "11"]
[EventCountry "SVK"]
[SourceTitle "CBM 189 Extra"]
[Source "ChessBase"]
[SourceDate "2019.06.03"]
[SourceVersion "1"]
[SourceVersionDate "2019.06.03"]
[SourceQuality "1"]
[WhiteTeam "Chtelnica Kamenar"]
[BlackTeam "Piestany Kupele III"]
[WhiteTeamCountry "SVK"]
[BlackTeamCountry "SVK"]

1. e4 c5 2. Nf3 d6 3. c4 Nf6 4. d3 g6 5. Nc3 Bg7 6. Be2 Nc6 7. 0-0 0-0 8. Rb1 Bg4 9. h3 Bd7 10. b3 h6 11. Bb2 Kh7 12. Nd5 e6 13. Nxf6+ Bxf6 14. Qd2 e5 15. Bc1 Bg7 16. Bb2 f5 17. exf5 Bxf5 18. Nh2 Nd4 19. Bxd4 exd4 20. Bf3 Qc7 21. a3 Rae8 22. Rfe1 Be5 23. Ng4 Bxg4 24. hxg4 Bf4 25. Qb2 b6 26. Rxe8 Rxe8 27. Be4 Qd7 28. Qe2 Be5 29. Re1 Kg7 30. g3 Qe7 31. Bc6 Rc8 32. Be4 Rc7 33. Bd5 Qf8 34. f4 Bf6 35. Qe8 Re7 36. Rxe7+ Bxe7 37. Qxf8+ Bxf8 38. a4 a5 39. Kf2 Kf6 40. Kf3 g5 41. Ke4 Bg7 42. f5 Bf8 43. Be6 Ke7 44. Kd5 Bg7 45. Kc6 Be5 46. Kxb6 Bxg3 47. Kxa5 h5 48. gxh5 Be5 49. h6 g4 50. Bd5 Kf6 51. Be4 Kg5 52. h7 Kh4 53. Kb5 Kh3 54. a5 g3 55. a6 d5 56. Bxd5 g2 57. Bxg2+ Kxg2 58. a7 Kf3 59. a8Q+ Ke3 60. Qe4+ 1-0

[Event "SVK-chT4 A21 1819"]
[Site "Slovakia"]
[Date "2018.10.28"]
[Round "2.4"]
[White "Pripko, Bystrik"]
[Black "Kastler, Peter"]
[Result "1/2-1/2"]
[WhiteElo "1654"]
[BlackElo "1741"]
[PlyCount "120"]
[EventDate "2018.10.14"]
[EventType "team-tourn"]
[EventRounds "11"]
[EventCountry "SVK"]
[SourceTitle "CBM 189 Extra"]
[Source "ChessBase"]
[SourceDate "2019.06.03"]
[SourceVersion "1"]
[SourceVersionDate "2019.06.03"]
[SourceQuality "1"]
[WhiteTeam "Chtelnica Kamenar"]
[BlackTeam "Gbely Nafta III"]
[WhiteTeamCountry "SVK"]
[BlackTeamCountry "SVK"]

1. e4 e6 2. d4 d5 3. c3 dxe4 4. Nd2 Nf6 5. Nc4 b6 6. Ne5 Bb7 7. Ne2 Be7 8. Ng3 0-0 9. Be3 Nbd7 10. Nh5 Nxe5 11. Nxf6+ Bxf6 12. dxe5 Bxe5 13. Qg4 Qf6 14. Rc1 Rfd8 15. Bc4 Bd5 16. Bb3 Bxb3 17. axb3 Qg6 18. Qxg6 hxg6 19. Ke2 Rd7 20. h3 Rad8 21. Rcd1 Rxd1 22. Rxd1 Rxd1 23. Kxd1 a5 24. Kc2 f5 25. g3 Kf7 26. h4 Bd6 27. Kd2 e5 28. Ke2 c5 29. c4 f4 30. Bd2 Kf6 31. g4 Ke6 32. Be1 Kf6 33. Kd2 g5 34. h5 g6 35. hxg6 Kxg6 36. Ke2 Kf6 37. Kd2 Ke6 38. Ke2 Bc7 39. Kd2 Kd6 40. Ke2 Kc6 41. Kd2 b5 42. Kc2 a4 43. Bd2 e3 44. cxb5+ Kxb5 45. bxa4+ Kxa4 46. fxe3 f3 47. Be1 e4 48. Bf2 Ba5 49. Bg3 c4 50. Bf2 Kb4 51. Be1+ Kc5 52. Bf2 Bc7 53. b3 cxb3+ 54. Kxb3 Ba5 55. Bg3 Bc7 56. Bf2 Bh2 57. Kc3 Kd5 58. Kb3 Ke5 59. Kc4 Bf4 60. Kc5 Bh2 1/2-1/2

[Event "SVK-chT4 A21 1718"]
[Site "Slovakia"]
[Date "2018.03.18"]
[Round "11.5"]
[White "Pripko, Bystrik"]
[Black "Sprusansky, Ferdinand"]
[Result "1-0"]
[WhiteElo "1621"]
[BlackElo "1373"]
[PlyCount "79"]
[EventDate "2017.10.01"]
[EventType "team-tourn"]
[EventRounds "11"]
[EventCountry "SVK"]
[SourceTitle "EXT 2020"]
[Source "ChessBase"]
[SourceDate "2019.10.17"]
[SourceVersion "1"]
[SourceVersionDate "2019.10.17"]
[SourceQuality "1"]
[WhiteTeam "Chtelnica Kamenar"]
[BlackTeam "Kopcany"]
[WhiteTeamCountry "SVK"]
[BlackTeamCountry "SVK"]

1. e4 e5 2. Nf3 Nc6 3. d4 d6 4. dxe5 dxe5 5. Qxd8+ Kxd8 6. Be2 Nf6 7. Ng5 Bb4+ 8. c3 Be6 9. Nxe6+ fxe6 10. cxb4 Nxb4 11. Na3 Nxe4 12. 0-0 Ke7 13. f3 Nf6 14. Bd2 Nbd5 15. Nc4 e4 16. fxe4 Nxe4 17. Bc1 Rhf8 18. Bf3 Ndf6 19. Re1 Nc5 20. Rd1 Rad8 21. Be3 b6 22. Ne5 Ke8 23. Rxd8+ Kxd8 24. Nc6+ Ke8 25. Bxc5 bxc5 26. Nxa7 Kd7 27. Rd1+ Ke7 28. Nb5 Rb8 29. a4 Ne8 30. Rd2 Rb6 31. Rc2 c6 32. Na7 Kd6 33. Nc8+ Kc7 34. Nxb6 Kxb6 35. b3 h6 36. a5+ Kxa5 37. Rxc5+ Kb4 38. Rxc6 Kxb3 39. Rxe6 Nf6 40. h3 1-0

[Event "SVK-chT4 A21 1516"]
[Site "Slovakia"]
[Date "2015.12.13"]
[Round "5.2"]
[White "Pripko, Bystrik"]
[Black "Zlamal, Marek"]
[Result "1/2-1/2"]
[WhiteElo "1683"]
[BlackElo "1697"]
[PlyCount "63"]
[EventDate "2015.10.04"]
[EventType "team-tourn"]
[EventRounds "11"]
[EventCountry "SVK"]
[SourceTitle "CBM 170 Extra"]
[Source "ChessBase"]
[SourceDate "2016.02.25"]
[SourceVersion "1"]
[SourceVersionDate "2016.02.25"]
[SourceQuality "1"]
[WhiteTeam "Chtelnica Kamenar"]
[BlackTeam "Skalica III"]
[WhiteTeamCountry "SVK"]
[BlackTeamCountry "SVK"]

1. e4 c5 2. Nf3 Nc6 3. Bc4 e5 4. 0-0 d6 5. h3 Be6 6. Bxe6 fxe6 7. d3 Nf6 8. Nbd2 Be7 9. Nc4 h6 10. Nh2 g5 11. Ng4 Nd7 12. g3 Qc7 13. c3 0-0-0 14. a3 Rdf8 15. b4 cxb4 16. axb4 b5 17. Na5 Nxa5 18. Rxa5 Qb7 19. Be3 a6 20. Qa1 Nb8 21. Rc1 Kd7 22. c4 h5 23. Nxe5+ dxe5 24. Qxe5 Nc6 25. Qc3 Nxa5 26. bxa5 bxc4 27. Qxc4 Rc8 28. Qd4+ Bd6 29. Qg7+ Be7 30. Qd4+ Bd6 31. Qg7+ Be7 32. Qd4+ 1/2-1/2

[Event "SVK-chT4 A21 1516"]
[Site "Slovakia"]
[Date "2015.10.18"]
[Round "2.6"]
[White "Pripko, Bystrik"]
[Black "Brunovsky, Peter"]
[Result "0-1"]
[WhiteElo "1683"]
[BlackElo "1852"]
[PlyCount "116"]
[EventDate "2015.10.04"]
[EventType "team-tourn"]
[EventRounds "11"]
[EventCountry "SVK"]
[SourceTitle "CBM 170 Extra"]
[Source "ChessBase"]
[SourceDate "2016.02.25"]
[SourceVersion "1"]
[SourceVersionDate "2016.02.25"]
[SourceQuality "1"]
[WhiteTeam "Chtelnica Kamenar"]
[BlackTeam "Gbely Nafta III"]
[WhiteTeamCountry "SVK"]
[BlackTeamCountry "SVK"]

1. e4 c6 2. d4 d5 3. e5 Bf5 4. Nf3 e6 5. Bd3 Bg4 6. 0-0 Ne7 7. h3 Bh5 8. Be2 Nd7 9. Nh2 Bg6 10. Bd3 c5 11. Bxg6 hxg6 12. c3 Nc6 13. Nf3 Be7 14. Nbd2 cxd4 15. cxd4 0-0 16. Nb3 Rc8 17. Bd2 a5 18. Qe1 a4 19. Na5 Qb6 20. Nxc6 Rxc6 21. Rb1 Rfc8 22. Bc3 Qb5 23. Qe3 Nb6 24. Rfe1 Qa6 25. Rbc1 Nc4 26. Qe2 Qa8 27. g3 b5 28. b3 Na3 29. Bd2 Rc2 30. Rxc2 Rxc2 31. Rc1 Qc6 32. Rxc2 Nxc2 33. bxa4 bxa4 34. Qd3 Na3 35. Qc3 Nc4 36. h4 Qb5 37. Qc2 Ba3 38. Bc1 Be7 39. Bg5 Ba3 40. Kg2 Bb2 41. Be7 a3 42. Qd3 Nd6 43. Qc2 Nc4 44. Bc5 Kh8 45. Ng5 Qe8 46. Qe2 Bc1 47. f4 Kg8 48. h5 Qb5 49. Kh3 Qb1 50. Qd1 Qf5+ 51. Kh2 Bxf4 52. Nxe6 fxe6 53. gxf4 Qxf4+ 54. Kh3 Qf5+ 55. Kh4 g5+ 56. Kg3 Qf4+ 57. Kh3 Qh4+ 58. Kg2 Ne3+ 0-1

[Event "SVK-chT4A21 1314"]
[Site "Slovakia"]
[Date "2014.01.26"]
[Round "7.3"]
[White "Pripko, Bystrik"]
[Black "Klimes, Karel"]
[Result "1/2-1/2"]
[WhiteElo "1721"]
[BlackElo "1651"]
[PlyCount "55"]
[EventDate "2013.10.06"]
[EventType "team-tourn"]
[EventRounds "11"]
[EventCountry "SVK"]
[SourceTitle "EXT 2022"]
[Source "ChessBase"]
[SourceDate "2021.10.06"]
[SourceVersion "1"]
[SourceVersionDate "2021.10.06"]
[SourceQuality "1"]
[WhiteTeam "Chtelnica Kamenar"]
[BlackTeam "Stefanov"]
[WhiteTeamCountry "SVK"]
[BlackTeamCountry "SVK"]

1. e4 e5 2. Nf3 Nc6 3. Bc4 Be7 4. d3 Nf6 5. 0-0 0-0 6. Nc3 d6 7. h3 Na5 8. Bb3 Nxb3 9. axb3 a6 10. Nh2 Be6 11. f4 exf4 12. Bxf4 Nd7 13. Ne2 Ne5 14. d4 Ng6 15. Bd2 Bg5 16. d5 Bd7 17. Nf3 Bxd2 18. Qxd2 Qe7 19. Qd3 Rae8 20. Nd2 Qg5 21. Rf3 Qe5 22. c3 f5 23. Ng3 fxe4 24. Rxf8+ Rxf8 25. Ngxe4 Nf4 26. Qe3 Nxd5 27. Qg3 Nf4 28. Re1 1/2-1/2

[Event "SVK-chT4A21 1314"]
[Site "Slovakia"]
[Date "2013.11.17"]
[Round "4.3"]
[White "Diviak, Rudolf"]
[Black "Pripko, Bystrik"]
[Result "0-1"]
[WhiteElo "1797"]
[BlackElo "1721"]
[PlyCount "66"]
[EventDate "2013.10.06"]
[EventType "team-tourn"]
[EventRounds "11"]
[EventCountry "SVK"]
[SourceTitle "EXT 2022"]
[Source "ChessBase"]
[SourceDate "2021.10.06"]
[SourceVersion "1"]
[SourceVersionDate "2021.10.06"]
[SourceQuality "1"]
[WhiteTeam "Senica CVC II"]
[BlackTeam "Chtelnica Kamenar"]
[WhiteTeamCountry "SVK"]
[BlackTeamCountry "SVK"]

1. e4 e5 2. Nf3 Nc6 3. Bb5 a6 4. Ba4 b5 5. Bb3 Bc5 6. 0-0 Nf6 7. c3 0-0 8. d3 h6 9. Be3 Ba7 10. Bxa7 Rxa7 11. Nbd2 d6 12. h3 Na5 13. Bc2 c5 14. Re1 Be6 15. Nf1 Nc6 16. Ng3 Ne7 17. d4 cxd4 18. cxd4 Ng6 19. Qe2 Bc4 20. Qe3 Rc7 21. Qd2 Be6 22. Rac1 Qd7 23. d5 Bxh3 24. gxh3 Qxh3 25. Qe2 Rfc8 26. Nf5 Nf4 27. Qf1 Qxf3 28. Re3 Qh5 29. Ng3 Qg4 30. Rc3 Rxc3 31. bxc3 Rxc3 32. Bb3 Rxc1 33. Qxc1 Ne2+ 0-1

[Event "SVK-chT4A21 1314"]
[Site "Slovakia"]
[Date "2013.10.20"]
[Round "2.3"]
[White "Damborsky, Pavol"]
[Black "Pripko, Bystrik"]
[Result "1-0"]
[WhiteElo "1836"]
[BlackElo "1721"]
[PlyCount "115"]
[EventDate "2013.10.06"]
[EventType "team-tourn"]
[EventRounds "11"]
[EventCountry "SVK"]
[SourceTitle "EXT 2022"]
[Source "ChessBase"]
[SourceDate "2021.10.06"]
[SourceVersion "1"]
[SourceVersionDate "2021.10.06"]
[SourceQuality "1"]
[WhiteTeam "Kopcany"]
[BlackTeam "Chtelnica Kamenar"]
[WhiteTeamCountry "SVK"]
[BlackTeamCountry "SVK"]

1. e4 e5 2. Nf3 Nc6 3. Bc4 Nf6 4. d3 h6 5. a3 Bc5 6. h3 d6 7. Nc3 a6 8. 0-0 0-0 9. Ne2 Be6 10. Ba2 Bxa2 11. Rxa2 Nh7 12. b4 Ba7 13. Ng3 Qe8 14. c4 b5 15. Rc2 bxc4 16. Rxc4 Bb6 17. Nf5 Ne7 18. N3h4 Nxf5 19. Nxf5 Nf6 20. Qf3 Kh7 21. Nxh6 Qe6 22. Nf5 Rh8 23. Bg5 Kg8 24. Bxf6 Qxf6 25. Qg3 g6 26. Ne3 Bxe3 27. fxe3 Qe7 28. Rc6 Kg7 29. Qf3 Rhf8 30. d4 f5 31. Qe2 exd4 32. exd4 fxe4 33. Rxf8 Kxf8 34. Qe3 Ke8 35. d5 Kd7 36. Rc3 Qe5 37. Qc1 Rc8 38. Qd2 c6 39. dxc6+ Rxc6 40. Rxc6 Kxc6 41. Qc1+ Kb5 42. Kf1 g5 43. Ke2 Qg3 44. Kf1 e3 45. Qc2 Qf4+ 46. Ke1 Qg3+ 47. Kd1 Qe5 48. Qd3+ Kb6 49. Ke2 Qb5 50. Kxe3 Qxd3+ 51. Kxd3 Kb5 52. g3 Ka4 53. h4 gxh4 54. gxh4 Kxa3 55. h5 Kxb4 56. h6 a5 57. h7 a4 58. h8Q 1-0

[Event "SVK-chT4A21 1213"]
[Site "Slovakia"]
[Date "2013.02.17"]
[Round "9.1"]
[White "Bjel, Lubos"]
[Black "Pripko, Bystrik"]
[Result "1-0"]
[WhiteElo "1668"]
[BlackElo "1815"]
[PlyCount "107"]
[EventDate "2012.10.14"]
[EventType "team-tourn"]
[EventRounds "11"]
[EventCountry "SVK"]
[SourceTitle "EXT 2022"]
[Source "ChessBase"]
[SourceDate "2021.10.06"]
[SourceVersion "1"]
[SourceVersionDate "2021.10.06"]
[SourceQuality "1"]
[WhiteTeam "Vrbove II"]
[BlackTeam "Chtelnica Kamenar"]
[WhiteTeamCountry "SVK"]
[BlackTeamCountry "SVK"]

1. e4 e5 2. Nf3 Nc6 3. Bc4 Bc5 4. c3 d6 5. d3 h6 6. a4 a5 7. Be3 Ba7 8. b4 axb4 9. cxb4 Nf6 10. Qb3 0-0 11. Nc3 Bg4 12. h3 Bxf3 13. gxf3 Nd4 14. Bxd4 Bxd4 15. Ke2 Nh5 16. Rag1 Qh4 17. Rh2 c6 18. Rg4 Qf6 19. Nd1 g6 20. Ne3 Nf4+ 21. Kf1 b5 22. axb5 Ra1+ 23. Nd1 Rfa8 24. bxc6 Kf8 25. Ke1 Qe7 26. b5 R8a3 27. Qc2 Bc3+ 28. Kf1 Qa7 29. Rxf4 exf4 30. Kg2 Bd4 31. Bxf7 Qc7 32. Bb3 Ra7 33. Qc4 Qg7 34. Qe6 Qf6 35. Qxf6+ Bxf6 36. b6 Bd8 37. bxa7 Rxa7 38. Bd5 Bb6 39. Nc3 Ra5 40. Rh1 Ke7 41. Rb1 Bd4 42. Ne2 Be5 43. Rb7+ Kd8 44. Rd7+ Kc8 45. Be6 Rc5 46. d4 Rxc6 47. dxe5 dxe5 48. Rd6+ Kb7 49. Rxc6 Kxc6 50. Bf7 g5 51. Nc1 Kd6 52. Nd3 Ke7 53. Bg6 Kf6 54. Bf5 1-0

[Event "SVK-chT4A21 1213"]
[Site "Slovakia"]
[Date "2013.01.20"]
[Round "7.2"]
[White "Pripko, Bystrik"]
[Black "Kubis, Ivan"]
[Result "0-1"]
[WhiteElo "1815"]
[BlackElo "2013"]
[PlyCount "68"]
[EventDate "2012.10.14"]
[EventType "team-tourn"]
[EventRounds "11"]
[EventCountry "SVK"]
[SourceTitle "EXT 2022"]
[Source "ChessBase"]
[SourceDate "2021.10.06"]
[SourceVersion "1"]
[SourceVersionDate "2021.10.06"]
[SourceQuality "1"]
[WhiteTeam "Chtelnica Kamenar"]
[BlackTeam "Skalica II"]
[WhiteTeamCountry "SVK"]
[BlackTeamCountry "SVK"]

1. e4 e5 2. Nf3 Nc6 3. Bc4 Nf6 4. Nc3 Nxe4 5. Bxf7+ Kxf7 6. Nxe4 d5 7. Nc3 e4 8. Ng1 Bf5 9. Nge2 d4 10. Nb1 Bd6 11. Ng3 Bg6 12. 0-0 Re8 13. c3 d3 14. Qb3+ Re6 15. Qxb7 Bc5 16. b4 Rb8 17. Qa6 Nxb4 18. Qc4 Nc2 19. Qxc5 Nxa1 20. Na3 Nc2 21. Nc4 Kg8 22. Ne5 Qg5 23. Qxa7 Rbe8 24. Nxg6 Rxg6 25. Qxc7 h5 26. Qc4+ Kh7 27. Qf7 Re5 28. f4 exf3 29. Qxf3 h4 30. Ne4 Qe7 31. Nf2 Ne1 32. Qh3 Nxg2 33. Kh1 Qb7 34. Nxd3 Ne1+ 0-1